000 01183nam a2200301 i 4500
001 136938
003 ES-MaACL
005 20260505130333.0
007 t|
008 160310s2002 sp a |||| | spa d
020 _a84-206-3628-2
080 _a087.5:82
100 _aSaint-Exupéry, Antoine de,
_d1900-1944
_9239169
245 1 3 _aEl principito /
_cAntoine de Saint-Exupéry ; [traductora [sic], Bonifacio del Carril] ; [con ilustraciones del autor].
250 _a6ª reimp.
260 _aMadrid :
_bAlianza Editorial :
_bBuenos Aires :
_bEmecé,
_c2002.
300 _a116 p. :
_bil. ;
_c18 cm.
490 1 _aEl libro de bolsillo. Biblioteca temática juvenil ;
_v8001
490 1 _aEl libro de bolsillo. Biblioteca juvenil
595 _a1ª ed. en "El libro de bolsillo", 1971.
595 _a1ª ed. en "Biblioteca temática juvenil", 1997.
598 _aEn anteport.: Biblioteca temática.
700 1 _aCarril, Bonifacio del.
_935748
830 0 _aEl libro de bolsillo. Biblioteca temática juvenil ;
_v8001
_9220046
830 0 _aEl libro de bolsillo. Biblioteca juvenil
_9231574
852 _aES-MaACL
_jL-3209
999 _c136938
_d136938